[Event "HCL-B164"]
[Site "www.playchess.de"]
[Date "2001.02.12"]
[Round "15"]
[White "Killer"]
[Black "Vampyr"]
[WhiteElo "1500"]
[BlackElo "1728"]
[PlyCount "26"]
[Result "0-1"]

1.e4 c5 2.Nf3 Nc6 3.d4 cxd4 4.Nxd4 Nf6 5.Nc3 e5 
6.Ndb5 d6 7.Bg5 a6 8.Na3 b5 9.Bxf6 gxf6 10.Nd5 f5 
11.Bd3 f4 12.O-O Rg8 13.Qf3 Bg4 0-1

[Event "ACL-A097"]
[Site "www.playchess.de"]
[Date "2001.02.12"]
[Round "6"]
[White "patzer"]
[Black "Killer"]
[WhiteElo "1599"]
[BlackElo "1500"]
[PlyCount "20"]
[Result "1/2-1/2"]

1.e4 c5 2.Nf3 Nc6 3.Bb5 e6 4.O-O Nge7 5.Re1 Qb6 
6.Nc3 a6 7.Bxc6 Nxc6 {Are you agree by a draw?}  
8.d3 {Draw is okay, but a regular game must be 
have 10 moves. Sorry for my poor English!}  Be7 
9.a4 O-O 10.Nd5 Qd8 1/2-1/2

[Event "ACL-A097"]
[Site "www.playchess.de"]
[Date "2001.02.12"]
[Round "9"]
[White "Vampyr"]
[Black "patzer"]
[WhiteElo "1100"]
[BlackElo "1599"]
[PlyCount "25"]
[Result "1/2-1/2"]

1.e4 e5 2.Nf3 Nc6 3.Bb5 Nf6 4.O-O Nxe4 5.d4 Nd6 
6.Bxc6 dxc6 7.dxe5 Nf5 8.Qxd8+ Kxd8 9.Nc3 Ke8 
10.h3 a5 11.g4 Ne7 12.Nd4 h5 13.f3 1/2-1/2

[Event "ACL-A097"]
[Site "www.playchess.de"]
[Date "2001.02.12"]
[Round "10"]
[White "Killer"]
[Black "Vampyr"]
[WhiteElo "1500"]
[BlackElo "1100"]
[PlyCount "22"]
[Result "0-1"]

1.e4 e5 2.Nf3 Nc6 3.Bc4 Nd4 4.Nxe5 Qg5 5.Bxf7+ Kd8 
6.Bxg8 Qxg2 7.Rf1 Nf3+ 8.Ke2 Nd4+ 9.Ke1 Qxe4+ 
10.Qe2 Qxe5 11.c3 Qxe2+ 0-1

[Event "HCL-C056"]
[Site "www.playchess.de"]
[Date "2001.02.12"]
[Round "5"]
[White "oko"]
[Black "German04"]
[WhiteElo "1000"]
[BlackElo "1172"]
[PlyCount "70"]
[Result "0-1"]

1.e4 e5 2.Nc3 Nf6 3.d4 exd4 4.Qxd4 Nc6 5.Qd1 Bc5 
6.Be3 Bxe3 7.fxe3 d6 8.Nf3 O-O 9.Bc4 Re8 10.Bd3 d5 
11.exd5 Nxd5 12.e4 Nf4 13.Qd2 Nxd3+ 14.cxd3 Nb4 
15.Nd5 Nxd5 16.O-O Nf6 17.Rae1 b6 18.Qc2 Ba6 
19.Red1 Ng4 20.Qb3 Ne3 21.Qa4 Nxd1 22.Rxd1 Bb7 
23.h4 Qe7 24.Rc1 c5 25.d4 Qxe4 26.Re1 Qc6 27.Qc4 
Rxe1+ 28.Nxe1 Re8 29.Nf3 cxd4 30.Qxd4 Qc1+ 31.Kh2 
Bxf3 32.gxf3 h6 33.Qd7 Qf4+ 34.Kg2 Re2+ 35.Kf1 
Qxf3+ 0-1

[Event "HCL-C056"]
[Site "www.playchess.de"]
[Date "2001.02.12"]
[Round "10"]
[White "oko"]
[Black "that1guy"]
[WhiteElo "1000"]
[BlackElo "1000"]
[PlyCount "45"]
[Result "1-0"]

1.d4 e6 2.Nf3 Bb4+ 3.Bd2 Qe7 4.c3 Ba5 5.e3 Nf6 
6.Bd3 Nd5 7.e4 Nb6 8.b4 Bxb4 9.cxb4 Nc6 10.a3 O-O 
11.e5 f5 12.Bg5 Qf7 13.Qd2 Na4 14.Bh6 gxh6 15.Qxh6 
Nb2 16.Ng5 Nxd3+ 17.Kd2 Ndxe5 18.Nxf7 Nxf7 19.Qh4 
d5 20.g4 fxg4 21.Qxg4+ Kh8 22.Rg1 e5 
23.Qg7+ 1-0

[Event "HCL-B065"]
[Site "www.playchess.de"]
[Date "2001.02.12"]
[Round "1"]
[White "chessape"]
[Black "Gruhni"]
[WhiteElo "1329"]
[BlackElo "1449"]
[PlyCount "57"]
[Result "1-0"]

1.d4 d5 2.c4 e6 3.Nc3 Nf6 4.Nf3 Nc6 5.Bg5 Bb4 6.e3 
h6 7.Bh4 g5 8.Bg3 Ne4 9.Qc2 h5 10.h4 f6 11.Bd3 g4 
12.Bxe4 gxf3 13.Bxf3 Ne7 14.O-O-O Bxc3 15.Qxc3 c6 
16.e4 Bd7 17.Kb1 Rc8 18.Rhe1 b5 19.c5 Kf7 20.Bd6 
Ra8 21.Bxe7 Qxe7 22.exd5 e5 23.d6 Bf5+ 24.Ka1 Qd7 
25.dxe5 fxe5 26.Rxe5 Rhe8 27.Bxh5+ Kf8 28.Rxe8+ 
Rxe8 29.Qh8+ 1-0

[Event "HCL-B065"]
[Site "www.playchess.de"]
[Date "2001.02.12"]
[Round "2"]
[White "dmitry"]
[Black "chessape"]
[WhiteElo "1318"]
[BlackElo "1329"]
[PlyCount "46"]
[Result "1/2-1/2"]

1.e4 e6 2.d4 d5 3.Nc3 dxe4 4.Nxe4 Bd7 5.Nf3 Bc6 
6.Bd3 Nd7 7.Bf4 Ngf6 8.Qe2 Bxe4 9.Bxe4 c6 10.O-O 
Qb6 11.c3 Be7 12.Bd3 O-O 13.Rad1 Rac8 14.c4 c5 
15.a3 a5 16.Rfe1 cxd4 17.Nxd4 Nc5 18.Bc2 Rfd8 
19.Be3 Qc7 20.Nb5 Qc6 21.b4 axb4 22.axb4 Na6 
23.Nd4 Qc7 1/2-1/2

[Event "HCL-B065"]
[Site "www.playchess.de"]
[Date "2001.02.12"]
[Round "3"]
[White "Gruhni"]
[Black "dmitry"]
[WhiteElo "1449"]
[BlackElo "1318"]
[PlyCount "118"]
[Result "1-0"]

1.e4 e5 2.Bc4 Nf6 3.Nf3 Nc6 4.Nc3 Bc5 5.Ng5 O-O 
6.d3 d6 7.Nf3 Bg4 8.h3 Bh5 9.g4 Bg6 10.Bg5 h6 
11.Bh4 Nd4 12.Nd5 c6 13.Nxf6+ gxf6 14.c3 Ne6 
15.Bxe6 fxe6 16.Qd2 Kg7 17.O-O-O d5 18.Bg3 dxe4 
19.Nh4 Qxd3 20.Qxd3 exd3 21.Nxg6 Kxg6 22.Rxd3 Rad8 
23.Rhd1 Rd5 24.h4 Rfd8 25.Kc2 Bb6 26.f4 e4 27.h5+ 
Kg7 28.R3xd5 exd5 29.f5 Rd7 30.b4 Bc7 31.Bf2 b6 
32.c4 Bf4 33.Bd4 Bg5 34.a3 Kf7 35.cxd5 cxd5 36.Bc3 
e3 37.Kd3 Re7 38.Bd4 Re4 39.Re1 Rxg4 40.Bxe3 Rg3 
41.Kd4 Rxe3 42.Rxe3 Bxe3+ 43.Kxe3 Ke7 44.Kd4 Kd6 
45.b5 a5 46.bxa6 e.p 47.Kc6 a7 48.Kb7 Kxd5 49.Kxa7 
Ke6 50.b5 Kxf6 51.Ka6 Kg6 52.Ka5 f6 53.Ka4 f7 
54.Kxa3 f8Q+ 55.b4 Qxb4+ 56.Kxb4 Kxh6 57.Kc5 Kg7 
58.Kd6 h6 59.Ke6 h7 1-0

[Event "HCL-B065"]
[Site "www.playchess.de"]
[Date "2001.02.12"]
[Round "4"]
[White "chessape"]
[Black "paule"]
[WhiteElo "1329"]
[BlackElo "1617"]
[PlyCount "40"]
[Result "0-1"]

1.d4 c5 2.e4 cxd4 3.c3 dxc3 4.Nxc3 Nc6 5.Bc4 e6 
6.Nf3 d6 7.Be3 Nf6 8.Qd2 Be7 9.O-O-O O-O 10.g4 
Nxg4 11.Rdg1 Nxe3 12.fxe3 Bd7 13.h4 Rc8 14.Qg2 Bf6 
15.h5 h6 16.Rh3 Ne5 17.Be2 Qa5 18.Rg3 Rxc3+ 
19.bxc3 Qxc3+ 20.Kb1 Qb4+ 0-1

[Event "HCL-B065"]
[Site "www.playchess.de"]
[Date "2001.02.12"]
[Round "5"]
[White "paule"]
[Black "Gruhni"]
[WhiteElo "1617"]
[BlackElo "1449"]
[PlyCount "39"]
[Result "1-0"]

1.e4 e5 2.Nf3 Nc6 3.Bb5 Nf6 4.O-O d6 5.d4 a6 
6.Bxc6+ bxc6 7.Re1 Bg4 8.dxe5 Bxf3 9.Qxf3 dxe5 
10.Qc3 Qd6 11.Nd2 Qc5 12.Nc4 Bd6 13.Be3 Qb4 
14.Nxd6+ Qxd6 15.Qa5 O-O 16.Bc5 Qe6 17.Bxf8 Kxf8 
18.Qxc7 Qc4 19.Rad1 Qxc2 20.Qd6+ 1-0

[Event "HCL-B065"]
[Site "www.playchess.de"]
[Date "2001.02.12"]
[Round "6"]
[White "dmitry"]
[Black "paule"]
[WhiteElo "1318"]
[BlackElo "1617"]
[PlyCount "58"]
[Result "0-1"]

1.e4 e6 2.d4 d5 3.Nc3 Bb4 4.exd5 exd5 5.Bd2 Nf6 
6.Nf3 O-O 7.Be2 Re8 8.O-O c6 9.Re1 Bf5 10.Ne5 Nbd7 
11.Bf3 Nxe5 12.Rxe5 Qd7 13.a3 Bd6 14.Rxe8+ Rxe8 
15.Be3 b6 16.Qd2 Bg4 17.Bxg4 Nxg4 18.Bf4 Qe6 
19.Bxd6 Qxd6 20.g3 Qe6 21.h3 Nf6 22.Kg2 h6 23.g4 
Nxg4 24.hxg4 Qxg4+ 25.Kh2 Qh4+ 26.Kg1 Qg4+ 27.Kh2 
Qh5+ 28.Kg2 Re6 29.Re1 Qg4+ 0-1

[Event "HCL-B065"]
[Site "www.playchess.de"]
[Date "2001.02.12"]
[Round "7"]
[White "rikkirich"]
[Black "chessape"]
[WhiteElo "1891"]
[BlackElo "1329"]
[PlyCount "60"]
[Result "1/2-1/2"]

1.d4 d5 2.Nf3 c6 3.Nc3 Nf6 4.e3 Bg4 5.Be2 Nbd7 
6.h3 Bxf3 7.Bxf3 e5 8.dxe5 Nxe5 9.Be2 Bd6 10.a3 
O-O 11.O-O Re8 12.Re1 Qc7 13.b3 Ng6 14.Bb2 Rad8 
15.b4 a6 16.Na4 Qe7 17.Bd4 Be5 18.c3 Bxd4 19.cxd4 
Qc7 20.Nc5 Ne4 21.Bd3 Nf8 22.Qc2 f5 23.f4 Ne6 
24.Bxe4 fxe4 25.Ref1 Rd6 26.Rf2 Nxc5 27.Qxc5 Ree6 
28.Raf1 Ref6 29.a4 b6 30.Qc3 Kf7 1/2-1/2

[Event "HCL-B065"]
[Site "www.playchess.de"]
[Date "2001.02.12"]
[Round "8"]
[White "Gruhni"]
[Black "rikkirich"]
[WhiteElo "1449"]
[BlackElo "1891"]
[PlyCount "41"]
[Result "1/2-1/2"]

1.e4 e5 2.Bc4 Nf6 3.Nf3 Nc6 4.Nc3 h6 5.d3 d6 6.h3 
Be7 7.Be3 a6 8.d4 exd4 9.Nxd4 Nxd4 10.Bxd4 c5 
11.Be3 b5 12.Bd5 Nxd5 13.Nxd5 Bb7 14.O-O O-O 
15.Qd2 Bxd5 16.Qxd5 Qc7 17.c4 Rad8 18.a4 b4 19.b3 
Rfe8 20.f3 Bf6 21.Rad1 1/2-1/2

[Event "HCL-B065"]
[Site "www.playchess.de"]
[Date "2001.02.12"]
[Round "10"]
[White "paule"]
[Black "rikkirich"]
[WhiteElo "1617"]
[BlackElo "1891"]
[PlyCount "35"]
[Result "1-0"]

1.e4 e5 2.Nf3 Nc6 3.Bb5 d6 4.d4 exd4 5.Nxd4 Nge7 
6.Nc3 Bd7 7.O-O a6 8.Ba4 b5 9.Nxc6 Bxc6 10.Bb3 g6 
11.Qd4 Rg8 12.Qf6 d5 13.Nxd5 Bxd5 14.Bxd5 Nxd5 
15.Qc6+ Ke7 16.exd5 Bg7 17.Bf4 Rc8 
18.Rfe1+ 1-0

[Event "HCL-B065"]
[Site "www.playchess.de"]
[Date "2001.02.12"]
[Round "11"]
[White "chessape"]
[Black "therev"]
[WhiteElo "1329"]
[BlackElo "1200"]
[PlyCount "23"]
[Result "1-0"]

1.e4 e5 2.Nf3 Nc6 3.Bc4 Nf6 4.d4 Nxe4 5.Qe2 d5 
6.Bd3 exd4 7.Bxe4 Be7 8.Bd3 O-O 9.O-O Bd6 10.c3 
dxc3 11.Nxc3 Be6 12.Ng5 1-0

[Event "HCL-B065"]
[Site "www.playchess.de"]
[Date "2001.02.12"]
[Round "12"]
[White "therev"]
[Black "Gruhni"]
[WhiteElo "1200"]
[BlackElo "1449"]
[PlyCount "24"]
[Result "0-1"]

1.e4 e5 2.Nf3 Nc6 3.Bc4 Bc5 4.O-O d6 5.d3 Bg4 6.a3 
Nd4 7.b4 Bb6 8.Nbd2 Qf6 9.c3 Nxf3+ 10.gxf3 Bh3 
11.Re1 Qg5+ 12.Kh1 Qg2+ 0-1

[Event "HCL-B065"]
[Site "www.playchess.de"]
[Date "2001.02.12"]
[Round "16"]
[White "Federviech"]
[Black "chessape"]
[WhiteElo "1200"]
[BlackElo "1329"]
[PlyCount "50"]
[Result "0-1"]

1.e4 e6 2.g4 b6 3.f3 Bb7 4.Bb5 Bc5 5.d4 Be7 6.d5 
exd5 7.Nc3 Bh4+ 8.Kf1 dxe4 9.fxe4 Nf6 10.Nf3 Nxg4 
11.Ne5 Nxe5 12.Rg1 Qf6+ 13.Kg2 Qf5 14.Qe2 Qe6 
15.Rd1 c6 16.Qh5 Bf6 17.Bc4 Qxc4 18.Be3 c5 19.Nd5 
Bxd5 20.exd5 Qe4+ 21.Kf2 Ng4+ 22.Kg1 Qxe3+ 23.Kh1 
Qe4+ 24.Kg1 Bd4+ 25.Kf1 Qf3+ 0-1

[Event "HCL-B065"]
[Site "www.playchess.de"]
[Date "2001.02.12"]
[Round "17"]
[White "Gruhni"]
[Black "Federviech"]
[WhiteElo "1449"]
[BlackElo "1200"]
[PlyCount "41"]
[Result "1-0"]

1.e4 Nf6 2.e5 Ne4 3.d3 Ng3 4.hxg3 e6 5.Nf3 Bc5 
6.d4 Bb4+ 7.c3 Ba5 8.Bd3 d5 9.Bg5 f6 10.exf6 gxf6 
11.Ne5 Qe7 12.Qh5+ Kd8 13.Nf7+ Kd7 14.Nxh8 fxg5 
15.Qxh7 e5 16.Bf5+ Kd8 17.Nf7+ Ke8 18.Qh8+ Qf8 
19.Qxe5+ Kxf7 20.Rh7+ Kg8 21.Qh8+ 1-0

[Event "HCL-B065"]
[Site "www.playchess.de"]
[Date "2001.02.12"]
[Round "18"]
[White "Federviech"]
[Black "dmitry"]
[WhiteElo "1200"]
[BlackElo "1318"]
[PlyCount "40"]
[Result "0-1"]

1.Nc3 e5 2.e4 Nf6 3.Nf3 Nc6 4.Bb5 Bb4 5.d3 d6 
6.O-O O-O 7.Bg5 Be6 8.d4 Nxd4 9.Nxd4 exd4 10.Qxd4 
Bc5 11.Qd3 c6 12.Bc4 Bxc4 13.Qxc4 Re8 14.Rae1 h6 
15.Bf4 d5 16.Qa4 d4 17.Red1 Nxe4 18.f3 dxc3+ 
19.Be3 Bxe3+ 20.Rf2 Qxd1+ 0-1

[Event "HCL-B065"]
[Site "www.playchess.de"]
[Date "2001.02.12"]
[Round "19"]
[White "paule"]
[Black "Federviech"]
[WhiteElo "1617"]
[BlackElo "1200"]
[PlyCount "29"]
[Result "1-0"]

1.e4 e5 2.Nf3 Nc6 3.Bb5 Nf6 4.O-O Bc5 5.c3 Nxe4 
6.Qe2 f5 7.d3 Nd6 8.Bxc6 O-O 9.Bd5+ Nf7 10.Nxe5 
Qe7 11.Re1 d6 12.Nxf7 Qf6 13.Qh5 g6 14.Ng5+ Kg7 
15.Qxh7+ 1-0

[Event "HCL-B065"]
[Site "www.playchess.de"]
[Date "2001.02.12"]
[Round "20"]
[White "Federviech"]
[Black "rikkirich"]
[WhiteElo "1200"]
[BlackElo "1891"]
[PlyCount "48"]
[Result "0-1"]

1.Nc3 e5 2.Nh3 d5 3.e4 d4 4.Nd5 c6 5.Nb4 Bxb4 6.c3 
Be7 7.Qf3 Nf6 8.Bc4 b5 9.Bb3 c5 10.d3 Nc6 11.O-O 
Na5 12.Bg5 Nxb3 13.axb3 h6 14.Bh4 g5 15.Bg3 Bg4 
16.Qxg4 Nxg4 17.Ra5 Qxa5 18.c4 b4 19.f3 Ne3 
20.Bxe5 f6 21.Re1 fxe5 22.g4 Qa2 23.Nf2 Qxb2 
24.Nd1 Qg2+ 0-1

[Event "HCL-B065"]
[Site "www.playchess.de"]
[Date "2001.02.12"]
[Round "21"]
[White "therev"]
[Black "Federviech"]
[WhiteElo "1200"]
[BlackElo "1200"]
[PlyCount "28"]
[Result "0-1"]

1.e4 d5 2.Nc3 Nf6 3.d3 Bg4 4.Nf3 e6 5.Be2 Bb4 
6.O-O Qd6 7.a3 Bxc3 8.bxc3 dxe4 9.d4 exf3 10.g3 
fxe2 11.Qd3 exf1Q+ 12.Qxf1 Ne4 13.Bf4 Qb6 14.Rb1 
Qa5 0-1

[Event "HCL-B065"]
[Site "www.playchess.de"]
[Date "2001.02.12"]
[Round "23"]
[White "Jeff_Foster"]
[Black "Gruhni"]
[WhiteElo "1472"]
[BlackElo "1449"]
[PlyCount "42"]
[Result "1/2-1/2"]

1.e4 e5 2.Nf3 Nc6 3.Bc4 Bc5 4.c3 d6 5.d4 Bb6 6.O-O 
Nf6 7.dxe5 Nxe5 8.Nxe5 dxe5 9.Qxd8+ Kxd8 10.Bg5 
Ke7 11.Nd2 h6 12.Bxf6+ gxf6 13.Rad1 Rg8 14.g3 Bh3 
15.Rfe1 Rg7 16.Bf1 Bg4 17.Rdc1 a6 18.h3 Bh5 19.Kg2 
Rag8 20.Nc4 Ba7 21.Na5 Rb8 1/2-1/2

[Event "HCL-B065"]
[Site "www.playchess.de"]
[Date "2001.02.12"]
[Round "24"]
[White "dmitry"]
[Black "Jeff_Foster"]
[WhiteElo "1318"]
[BlackElo "1472"]
[PlyCount "32"]
[Result "0-1"]

1.e4 e5 2.Nf3 Nc6 3.Bc4 Nf6 4.Ng5 d5 5.exd5 Nxd5 
6.Nxf7 Kxf7 7.Qf3+ Ke6 8.Nc3 Ncb4 9.Qe4 c6 10.d4 
Kf7 11.dxe5 Be6 12.a3 Na6 13.Qf3+ Kg8 14.Nxd5 cxd5 
15.Bg5 Qxg5 16.Qxd5 Bb4+ 0-1

[Event "HCL-B065"]
[Site "www.playchess.de"]
[Date "2001.02.12"]
[Round "25"]
[White "Jeff_Foster"]
[Black "paule"]
[WhiteElo "1472"]
[BlackElo "1617"]
[PlyCount "44"]
[Result "0-1"]

1.e4 e6 2.d4 d5 3.Nc3 Bb4 4.Nge2 dxe4 5.a3 Be7 
6.Nxe4 Nc6 7.N2c3 Nxd4 8.Be3 e5 9.Bd3 f5 10.Nd2 
Nf6 11.Nb3 Nxb3 12.cxb3 Ng4 13.Qc2 O-O 14.O-O-O 
Bd6 15.Nb5 Nxe3 16.fxe3 a6 17.Nxd6 cxd6 18.Rhf1 
Be6 19.Bxf5 Bxf5 20.Qc4+ Kh8 21.Qb4 Qg5 22.Qxd6 
Rac8+ 0-1

[Event "HCL-B065"]
[Site "www.playchess.de"]
[Date "2001.02.12"]
[Round "26"]
[White "rikkirich"]
[Black "Jeff_Foster"]
[WhiteElo "1891"]
[BlackElo "1472"]
[PlyCount "44"]
[Result "1/2-1/2"]

1.e4 e5 2.Nf3 Nc6 3.Bc4 Nf6 4.d3 d5 5.exd5 Na5 
6.O-O Nxc4 7.dxc4 Bd6 8.Re1 Qe7 9.b3 O-O 10.Bb2 e4 
11.Nbd2 Bf5 12.Bxf6 Qxf6 13.Nxe4 Bxe4 14.Rxe4 Rfe8 
15.Re1 Rxe1+ 16.Qxe1 Bb4 17.Qd1 Re8 18.a3 Bc3 
19.Rb1 Rd8 20.Qe2 Qd6 21.Qe3 Bf6 22.b4 
a6 1/2-1/2

[Event "HCL-B065"]
[Site "www.playchess.de"]
[Date "2001.02.12"]
[Round "28"]
[White "Federviech"]
[Black "Jeff_Foster"]
[WhiteElo "1200"]
[BlackElo "1472"]
[PlyCount "70"]
[Result "0-1"]

1.g3 e5 2.Nf3 d6 3.d4 exd4 4.Qxd4 Nc6 5.Bg5 Nxd4 
6.Bxd8 Nxc2+ 7.Kd1 Nxa1 8.Bg5 f6 9.Bf4 Be6 10.Nc3 
O-O-O 11.e3 g6 12.h4 h5 13.Bd3 d5 14.Nb5 a6 
15.Bxc7 Rd7 16.Ke2 axb5 17.Bb6 Rd6 18.Bd4 Bd7 
19.Rxa1 Ne7 20.Bc5 Re6 21.Nd4 Ra6 22.Bxb5 Bxb5+ 
23.Nxb5 b6 24.Nd6+ Kd7 25.Nf7 Rg8 26.Bd4 Bg7 27.f4 
Rf8 28.Bxb6 Rxb6 29.a4 Rxf7 30.a5 Rxb2+ 31.Kd3 f5 
32.a6 Rb3+ 33.Kc2 Bxa1 34.a7 Rb2+ 35.Kd3 
Ra2 0-1

[Event "HCL-B065"]
[Site "www.playchess.de"]
[Date "2001.02.12"]
[Round "29"]
[White "Karl"]
[Black "chessape"]
[WhiteElo "1200"]
[BlackElo "1329"]
[PlyCount "36"]
[Result "1/2-1/2"]

1.e4 e6 2.Nf3 d5 3.e5 c5 4.c3 Nc6 5.Bb5 Bd7 6.Bxc6 
Bxc6 7.d4 Qb6 8.Be3 c4 9.O-O Ne7 10.b3 cxb3 
11.axb3 Nf5 12.c4 Bb4 13.c5 Qc7 14.Bd2 Bxd2 
15.Nbxd2 O-O 16.b4 a6 17.h3 Bb5 18.Re1 
a5 1/2-1/2

[Event "HCL-B065"]
[Site "www.playchess.de"]
[Date "2001.02.12"]
[Round "30"]
[White "Gruhni"]
[Black "Karl"]
[WhiteElo "1449"]
[BlackElo "1200"]
[PlyCount "61"]
[Result "1-0"]

1.e4 e5 2.Bc4 Nf6 3.Nf3 Nc6 4.Nc3 Bb4 5.d3 Bxc3+ 
6.bxc3 d5 7.Bb5 dxe4 8.Nxe5 Bd7 9.Bxc6 Bxc6 10.O-O 
O-O 11.Bg5 exd3 12.Nxc6 bxc6 13.cxd3 h6 14.Bh4 g5 
15.Bg3 h5 16.Qd2 Nh7 17.f4 h4 18.Bf2 f5 19.fxg5 
Qxg5 20.Qxg5+ Nxg5 21.Bxh4 Nh7 22.Rf4 Rad8 23.d4 
Rde8 24.Raf1 Re4 25.Rxe4 fxe4 26.Rxf8+ Nxf8 27.Kf2 
Ng6 28.Bd8 Kf8 29.Bxc7 Ke8 30.Ke3 Kd7 
31.Be5 1-0

[Event "HCL-B065"]
[Site "www.playchess.de"]
[Date "2001.02.12"]
[Round "31"]
[White "Karl"]
[Black "dmitry"]
[WhiteElo "1200"]
[BlackElo "1318"]
[PlyCount "92"]
[Result "0-1"]

1.e4 e5 2.Qh5 Nc6 3.Bb5 Nf6 4.Qf3 Bc5 5.Bxc6 dxc6 
6.Qg3 O-O 7.Qxe5 Nxe4 8.Ne2 Nxf2 9.Rf1 Re8 10.Qxc5 
Ne4 11.Qc4 Nd6 12.Qb3 Bg4 13.Nbc3 Qh4+ 14.g3 Qxh2 
15.Rf2 Qg1+ 16.Rf1 Qxg3+ 17.Rf2 Re7 18.d3 Rae8 
19.Ne4 Nxe4 20.Nxg3 Nc5+ 21.Kd2 Nxb3+ 22.axb3 a6 
23.Kc3 R7e1 24.Rf1 f5 25.Bd2 Rxa1 26.Rxa1 h5 
27.Re1 Rxe1 28.Bxe1 h4 29.Nf1 g5 30.Nh2 Kf7 31.Kd4 
Bd1 32.Ke5 Kg6 33.c4 Bxb3 34.c5 h3 35.Bg3 Bd5 
36.b4 Bg2 37.d4 Bd5 38.Bf2 f4 39.Ng4 Bf3 40.Nh2 
Bg2 41.Ng4 b6 42.cxb6 cxb6 43.Nf6 h2 44.d5 cxd5 
45.Bxb6 h1Q 46.Nxd5 Bxd5 0-1

[Event "HCL-B065"]
[Site "www.playchess.de"]
[Date "2001.02.12"]
[Round "32"]
[White "paule"]
[Black "Karl"]
[WhiteElo "1617"]
[BlackElo "1200"]
[PlyCount "57"]
[Result "1-0"]

1.e4 e5 2.Nf3 Nc6 3.Bb5 d6 4.d4 Bd7 5.Nc3 Nf6 
6.O-O exd4 7.Nxd4 Nxd4 8.Bxd7+ Qxd7 9.Qxd4 O-O-O 
10.Qxa7 Qc6 11.f3 Qc5+ 12.Qxc5 dxc5 13.Be3 Be7 
14.Rad1 b6 15.e5 Nd7 16.f4 f6 17.Nd5 Rhe8 18.e6 
Nf8 19.f5 g6 20.Bh6 gxf5 21.Nxe7+ Kb7 22.Rxd8 Rxd8 
23.Bxf8 Rxf8 24.Nxf5 Re8 25.e7 Kc6 26.Rd1 h6 
27.Rd8 Rxe7 28.Nxe7+ Kb7 29.Ng8 1-0

[Event "HCL-B065"]
[Site "www.playchess.de"]
[Date "2001.02.12"]
[Round "33"]
[White "Karl"]
[Black "rikkirich"]
[WhiteElo "1200"]
[BlackElo "1891"]
[PlyCount "54"]
[Result "0-1"]

1.e4 e5 2.Nf3 Nc6 3.Nc3 d6 4.Bb5 Bd7 5.O-O a6 
6.Bxc6 Bxc6 7.d3 Be7 8.Be3 Nf6 9.h3 O-O 10.Qe2 Re8 
11.Rfe1 h6 12.d4 exd4 13.Bxd4 Bf8 14.e5 dxe5 
15.Bxe5 Nd7 16.Qd3 Bxf3 17.Qxf3 Nxe5 18.Qxb7 Qb8 
19.Qxb8 Raxb8 20.Rab1 Bb4 21.a3 Bxc3 22.bxc3 Rxb1 
23.Rxb1 Re6 24.Rb8+ Kh7 25.Rb7 Rc6 26.f4 Nc4 27.a4 
Ne3 0-1

[Event "HCL-B065"]
[Site "www.playchess.de"]
[Date "2001.02.12"]
[Round "35"]
[White "Karl"]
[Black "Federviech"]
[WhiteElo "1200"]
[BlackElo "1200"]
[PlyCount "101"]
[Result "1-0"]

1.e4 e5 2.Qh5 Nf6 3.Qxe5+ Be7 4.Qg5 d5 5.exd5 Nxd5 
6.Qxg7 Bf6 7.Qh6 Bf5 8.Nc3 Bxc3 9.dxc3 Bxc2 10.c4 
Nb4 11.Qe3+ Kf8 12.Bd2 N8c6 13.Qc5+ Ke8 14.Bxb4 
Nxb4 15.Qxb4 Qd6 16.Qxd6 cxd6 17.Kd2 Bg6 18.Re1+ 
Kd7 19.Nf3 Rhe8 20.Bd3 f5 21.Nh4 Re5 22.Rxe5 dxe5 
23.Nxg6 hxg6 24.g4 e4 25.Be2 fxg4 26.Bxg4+ Kc6 
27.b3 a6 28.Ke3 Re8 29.a4 Kc5 30.Rb1 Kb4 31.Bd7 
Re7 32.Bc8 Ka3 33.b4 Kxa4 34.b5 Rc7 35.Be6 Rh7 
36.b6 Rxh2 37.Bd5 g5 38.Bxb7 a5 39.Bxe4 g4 40.b7 
Rh3+ 41.Kf4 Rh4 42.Kg5 Rh8 43.b8Q Rxb8 44.Rxb8 g3 
45.fxg3 Ka3 46.c5 Ka2 47.c6 a4 48.c7 a3 49.c8Q Ka1 
50.Qc1+ Ka2 51.Qb1+ 1-0

[Event "HCL-B065"]
[Site "www.playchess.de"]
[Date "2001.02.12"]
[Round "36"]
[White "Jeff_Foster"]
[Black "Karl"]
[WhiteElo "1472"]
[BlackElo "1200"]
[PlyCount "47"]
[Result "1-0"]

1.e4 d5 2.exd5 c6 3.dxc6 Nxc6 4.Bb5 Bd7 5.Nf3 Nf6 
6.Nc3 e6 7.O-O Bb4 8.Re1 O-O 9.d3 Nd5 10.Bd2 Rc8 
11.Bxc6 Bxc6 12.Ne5 Bxc3 13.Nxc6 Rxc6 14.Bxc3 Nxc3 
15.bxc3 Rxc3 16.Rb1 Qc7 17.Rb2 Rc8 18.Re2 e5 
19.Kf1 e4 20.dxe4 Qxh2 21.Rd2 Qh1+ 22.Ke2 Qxg2 
23.Rd8+ Rxd8 24.Qxd8+ 1-0

[Event "HCL-C105"]
[Site "www.playchess.de"]
[Date "2001.02.12"]
[Round "1"]
[White "locko"]
[Black "Danne"]
[WhiteElo "1000"]
[BlackElo "1141"]
[PlyCount "62"]
[Result "0-1"]

1.g3 e5 2.e4 Nf6 3.Nc3 Nc6 4.Nf3 Bb4 5.a3 Bxc3 
6.dxc3 h6 7.h4 Nxe4 8.Qd5 Nd6 9.Nxe5 Qe7 10.f4 f6 
11.Be2 fxe5 12.fxe5 Qxe5 13.Qxe5+ Nxe5 14.Bh5+ g6 
15.Bd1 Ndf7 16.Bf4 d6 17.Rf1 Bf5 18.b3 O-O-O 19.a4 
Rde8 20.Be2 Bg4 21.Rf2 g5 22.Be3 Bxe2 23.Rxe2 Nf3+ 
24.Kf2 N7e5 25.Rd1 Rhf8 26.Bxa7 b6 27.Bxb6 Nd4+ 
28.Ke3 Nxe2 29.Ba5 Nc6+ 30.Kd2 Nxa5 31.b4 
Nc4+ 0-1

[Event "HCL-C105"]
[Site "www.playchess.de"]
[Date "2001.02.12"]
[Round "2"]
[White "naj_obi"]
[Black "locko"]
[WhiteElo "1000"]
[BlackElo "1000"]
[PlyCount "63"]
[Result "1-0"]

1.Nf3 b6 2.d4 d5 3.e3 e6 4.Bd3 Ba6 5.c3 f5 6.Bxa6 
Nxa6 7.Qa4+ Kf7 8.Qxa6 Ne7 9.Ne5+ Kg8 10.Nd2 Qc8 
11.Qxc8 Rxc8 12.Ndf3 h6 13.Nd7 c5 14.Nxf8 Kxf8 
15.Ne5 Ke8 16.f3 Rf8 17.Bd2 f4 18.dxc5 bxc5 19.e4 
g5 20.O-O Rb8 21.b3 c4 22.bxc4 Rb2 23.Rfb1 Rxb1+ 
24.Rxb1 Kd8 25.cxd5 exd5 26.exd5 Nxd5 27.Rb8+ Ke7 
28.Ng6+ Kf6 29.Nxf8 Kf7 30.Nd7 g4 31.Ne5+ Ke6 
32.Nxg4 1-0

[Event "HCL-C105"]
[Site "www.playchess.de"]
[Date "2001.02.12"]
[Round "3"]
[White "Danne"]
[Black "naj_obi"]
[WhiteElo "1141"]
[BlackElo "1000"]
[PlyCount "62"]
[Result "0-1"]

1.e4 Nf6 2.e5 Nd5 3.c4 Nb6 4.c5 Nd5 5.Bc4 e6 
6.Bxd5 exd5 7.d4 d6 8.cxd6 cxd6 9.Nf3 Be7 10.Qb3 
dxe5 11.Nxe5 O-O 12.O-O b6 13.Nc3 Bb7 14.Ne2 Nc6 
15.Nxc6 Bxc6 16.Bf4 Bd6 17.Rac1 Bb7 18.Be3 Qd7 
19.Nc3 Rac8 20.h3 h6 21.Kh1 Bb8 22.a3 Rc4 23.Qc2 
Rfc8 24.Qe2 Qd6 25.f4 Ba6 26.Qg4 Re8 27.Bd2 Rxd4 
28.Rf2 Bc4 29.b3 Rxd2 30.Rxd2 Qxf4 31.Rcd1 
Qh2+ 0-1

[Event "HCL-C105"]
[Site "www.playchess.de"]
[Date "2001.02.12"]
[Round "4"]
[White "locko"]
[Black "Tarahumara"]
[WhiteElo "1000"]
[BlackElo "993"]
[PlyCount "29"]
[Result "0-1"]

1.g3 e5 2.e4 Qf6 3.Nf3 Bc5 4.d3 d6 5.a3 Bg4 6.Nbd2 
Nc6 7.c3 a5 8.Be2 a4 9.b4 axb3 10.e.p Rb1 11.Na5 
Nxb3 12.Bb6 h3 13.Bxf3 Bxf3 14.h5 Bxh5 
15.Qxf2+ 0-1

[Event "HCL-C105"]
[Site "www.playchess.de"]
[Date "2001.02.12"]
[Round "5"]
[White "Tarahumara"]
[Black "Danne"]
[WhiteElo "993"]
[BlackElo "1141"]
[PlyCount "89"]
[Result "1-0"]

1.e4 e5 2.Qh5 d6 3.Bc4 g6 4.Qf3 Qf6 5.d3 Nc6 6.Bg5 
Qxf3 7.Nxf3 Bg4 8.Nh4 Nd4 9.Na3 d5 10.Bxd5 Bxa3 
11.O-O Bxb2 12.Rab1 Bc3 13.Rxb7 Be2 14.Rxc7 f6 
15.Bxa8 Bxf1 16.Kxf1 fxg5 17.Nf3 Nxf3 18.gxf3 Bd4 
19.c4 Nf6 20.Rc8+ Ke7 21.Rxh8 Bb6 22.Rc8 g4 23.c5 
Kd7 24.Bb7 Ba5 25.c6+ Kd6 26.Rf8 Ke6 27.fxg4 Nxg4 
28.h3 Nf6 29.Kg2 Bb6 30.Kg3 Ke7 31.Rc8 Nh5+ 32.Kg4 
Nf4 33.Rh8 h5+ 34.Kg5 Kf7 35.Rh7+ Kg8 36.c7 Ne6+ 
37.Kxg6 Nxc7 38.Rf7 h4 39.Bd5 Nxd5 40.exd5 Bc5 
41.Rc7 Bb4 42.Rc8+ Bf8 43.d6 a6 44.d7 a5 
45.d8Q 1-0

[Event "HCL-C105"]
[Site "www.playchess.de"]
[Date "2001.02.12"]
[Round "6"]
[White "naj_obi"]
[Black "Tarahumara"]
[WhiteElo "1000"]
[BlackElo "993"]
[PlyCount "63"]
[Result "1-0"]

1.Nf3 e6 2.d4 Qf6 3.e4 Bb4+ 4.c3 Ba5 5.Bd3 Nh6 
6.Bg5 Qg6 7.h4 f6 8.e5 f5 9.a4 Ng4 10.h5 Qf7 11.b4 
Bb6 12.a5 Bxd4 13.cxd4 h6 14.Bd2 d5 15.b5 Bd7 
16.Bb4 c6 17.Nc3 a6 18.bxa6 bxa6 19.Rb1 c5 20.Bxc5 
Nc6 21.Rb6 Nxa5 22.Rxa6 Rxa6 23.Bxa6 Nc6 24.Nb5 
Qg8 25.Nd6+ Kf8 26.Nxf5+ Kf7 27.Nd6+ Ke7 28.Nh4 
Ncxe5 29.dxe5 Nxe5 30.Nc4+ Kf6 31.Nxe5 Kxe5 
32.Qd4+ 1-0

[Event "HCL-C105"]
[Site "www.playchess.de"]
[Date "2001.02.12"]
[Round "8"]
[White "Danne"]
[Black "Optimo"]
[WhiteElo "1141"]
[BlackElo "1200"]
[PlyCount "82"]
[Result "0-1"]

1.e4 e5 2.Nf3 Nc6 3.Bb5 a6 4.Bxc6 dxc6 5.Nxe5 Qd4 
6.Nd3 Qxe4+ 7.Qe2 Qxe2+ 8.Kxe2 Bf5 9.Re1 O-O-O 
10.g3 Nf6 11.Nc3 Bxd3+ 12.cxd3 Ng4 13.h3 Ne5 
14.Kf1 Nxd3 15.Re3 Bc5 16.Rf3 Nxc1 17.Rxc1 f6 
18.d3 Rd7 19.Kg2 Rhd8 20.Ne4 Bd4 21.b3 Bb6 22.h4 
R7xd3 23.Rxd3 Rxd3 24.Rc2 Kd7 25.Kh3 Ke6 26.Re2 
Kf7 27.Kg4 Rd5 28.f4 f5+ 29.Kf3 Rd3+ 30.Kg2 fxe4 
31.Rxe4 Rd2+ 32.Kh3 Rxa2 33.b4 Kf6 34.Kg4 Ra4 
35.f5 a5 36.Re6+ Kf7 37.Kg5 Rxb4 38.f6 Kxe6 
39.fxg7 Kf7 40.Kh6 Kg8 41.h5 Be3+ 0-1